000 00361nam a2200145Ia 4500
008 230917s9999||||xx |||||||||||||| ||und||
040 _e63002
_aMAIN
041 _aEnglish
082 _a382.1 B692R
100 _aBoyd, Gavin, ed
245 0 _aRegion building in the pacific
260 _aNew York
_bPergamon Press
_c1982
300 _avii, 282 p.
942 _cBK
999 _c39967
_d39967